Quick Pick: Robert Heinlein Quiz Stats

 Plays Quiz Updated Apr 21, 2020

     
Support Sporcle.
Go Orange.
Score 0/12 Timer 01:30
0 Plays Today
% Correct
Fear
94.1%
Walks
93.2%
Masters
92.8%
Strange
92.2%
Starship
92.1%
Moon
91.5%
Travel
91.1%
Door
87.7%
Enough
86.5%
Red
85%
Harsh
84.2%
Methuselah's
84.2%

Today's Daily Dose

From the Vault

2000s Movie Definitions

by NO_r_WAY

Movies 2m
Some movies are just hard to define.
Remove Ads.
Support Sporcle.
Get the best of Sporcle when you Go Orange. This ad-free experience offers more features, more stats, and more fun while also helping to support Sporcle. Thank you for becoming a member.

Show Comments

Extras

Top Quizzes Today


Score Distribution

Your Account Isn't Verified!

In order to create a playlist on Sporcle, you need to verify the email address you used during registration. Go to your Sporcle Settings to finish the process.

Report this User

Report this user for behavior that violates our Community Guidelines.

Details: